Statystyki dla 15 najbardziej dotkniętych krajów Covid-19 - 21 września

Kliknij tutaj aby rozwiązać quiz!

Ogólne statystyki

  • Ten quiz został rozwiązany 20 razy
  • Średni wynik to 11 z 24

Statystyki odpowiedzi

kraj% Poprawnych
Stany Zjednoczone
100%
Brazylia
78%
Francja
78%
Rosja
78%
Argentyna
72%
Indie
72%
Wielka Brytania
67%
Hiszpania
61%
Meksyk
61%
Chile
56%
Chile
56%
Kolumbia
50%
Republika
Południowej Afryki
50%
Iran
39%
Peru
39%
Panama
28%
Bangladesz
22%
Kostaryka
17%
Armenia
11%
Bahrajn
11%
Izrael
11%
Katar
11%
Kuwejt
11%
Oman
11%

Rozkład punktacji

Percentyl według liczby udzielonych odpowiedzi

Procent ludzi z każdym wynikiem

Twoja historia wyników

Nie rozwiązałeś tego quizu